| 000 | 00354nam a2200145Ia 4500 | ||
|---|---|---|---|
| 008 | 191201s2011 xx 000 0 und d | ||
| 082 |
_a657.832 _bGOF |
||
| 100 | _aGORDON, E | ||
| 245 | 0 | _aFinancial Markets and Institutions | |
| 250 | _aRep | ||
| 260 |
_aN.Delhi _bHimalaya Publication House _c2011 |
||
| 300 | _a264 | ||
| 650 | _aMBA | ||
| 942 |
_2ddc _cBK |
||
| 999 |
_c5469 _d5469 |
||